000 01873nam a2200493 a 4500
001 21980
003 VRT
005 20260317084630.0
008 240621s1996 xo ra 0 0 f slo
015 _aSNBA1996/0902650
020 _a8006006571
035 _aSNK000162621
035 _aurn:nbn:sk:snk-amkf77
035 _aurn:nbn:sk:snk-am003cl5
035 _a57E34BF6-A4B1-4F6F-8576-C7BE841F6D53
039 9 _a202407150911
_bAUTHORITY
_c202406241145
_dmsnk123
_c202406211114
_dVLOAD
_c202406200852
_dVLOAD
040 _aSNK
_bslo
_cSNK
_eAACR2
041 1 _aslo
_hger
044 _axo
_cSK
072 7 _a821.112.2
_xNemecká literatúra, nemecky písaná
_2konspekt
072 7 _a+821-93
_xLiteratúra pre deti a mládež (beletria)
080 _a(093.3)
_22011
080 _a821.112.2-3(087.5)
_22001
100 1 _aSommer-Bodenburg, Angela,
_d1948-
_4aut
240 1 0 _aHanna, Gottes kleinster Engel
_lSlovensky
245 1 0 _aHanna, najmenší Boží anjel
_cAngela Sommer-Bodenburgová ; [preložila Jana Krejčíková]
250 _a1. vyd.
260 _aBratislava
_bMladé letá
_c1996
300 _a133 s.
_c21 cm
500 _aÚdaj o prekl. prevzatý z rubu tit. strany
650 0 7 _anemecká literatúra
_2SNKPH
650 0 7 _apríbehy o deťoch
_2SNKPH
655 7 _adenníky
_2SNKPH
700 1 _aKrejčíková, Jana,
_d1951-2004
_4trl
911 _aKN 1996/09
_b02650
942 _2ddc
_cKLDE
_n0
949 _6273K0497143
_asvkpoA 167929
_bsvkpo417125
949 _6270001000027008
_asvkbbA 91315
_bsvkbbm 602632
949 _617A0006486
_9P60, <03>, [BOOK], {603}
_asnkSC 90813
_bsnkKSP 5533/96
_s6100:20140925
949 _617A0006485
_9P60, <04>, [BOOK], {604}
_asnkSC 90813 D1
_bsnkKSP 5534/96
949 _9P60, <09>, [BOOK], {629}
_asnkC 1198
_bsnk2260/960715
999 _c21980
_d21980